• 首页
  • 本馆介绍
  • 公告通知
  • 最新文献
  • 馆藏检索
  • 电子资源
  • 读者导购
  • 参考咨询
  • 我的图书馆
  • 登录
  • 详细信息显示
  • 放入我的书架
  • 预约/预借图书
  • 作者相关作品
  • 分类相关作品
  • 丛书相关作品
  • 出版社相关作品

书目信息

  • 表格格式
  • 工作单格式
  • 卡片格式
题名:
中国森林生态系统生态服务功能及其评价
    
 
作者: 靳芳 , 余新晓 , 鲁绍伟 著
分册:  
出版信息: 北京   中国林业出版社  2007
页数: 266页
开本: 29cm
丛书名:
单 册:
中图分类: S718.55
科图分类:
主题词: 森林--生态系统--研究--中国 , 森林 , 生态系统
电子资源:
ISBN: 978-7-5038-4788-2
000 01131nam0 2200289 450
001 012015000101
005 20150914162824.06
010    @a978-7-5038-4788-2@b精装@dCNY70.00
100    @a20080102d2007 em y0chiy50 ea
101 0  @achi
102    @aCN@b110000
105    @aa z 000yy
106    @ar
200 1  @a中国森林生态系统生态服务功能及其评价@Azhong guo sen lin sheng tai xi tong sheng tai fu wu gong neng ji qi ping jia@dChina forest ecosystem ecological service function and evaluation@f靳芳,余新晓,鲁绍伟等著@zeng
210    @a北京@c中国林业出版社@d2007
215    @a266页@c折图@d29cm
330    @a本书在我国森林生态系统类型划分的基础上,研究不同森林生态类型的服务功能,归纳总结出我国各类森林总体服务功能的类型。
510 1  @aChina forest ecosystem ecological service function and evaluation@zeng
606 0  @a森林@x生态系统@x研究@y中国
606 0  @a森林
606 0  @a生态系统
690    @aS718.55@v5
701  0 @a靳芳@Ajin fang@4著
701  0 @a余新晓@Ayu xin xiao@f(1961.7~)@4著
701  0 @a鲁绍伟@Alu shao wei@f(1972~)@4著
801  0 @aCN@b碧洲教育@c20150716
905    @a10447@f4@dS718.55@e68
    
    中国森林生态系统生态服务功能及其评价=China forest ecosystem ecological service function and evaluation/靳芳,余新晓,鲁绍伟等著.-北京:中国林业出版社,2007
    266页:折图;29cm
    
    
    ISBN 978-7-5038-4788-2(精装):CNY70.00
    本书在我国森林生态系统类型划分的基础上,研究不同森林生态类型的服务功能,归纳总结出我国各类森林总体服务功能的类型。
●
相关链接 在E读中查询图书 在五车中查询图书 在当当中查询图书 在豆瓣中查询图书


正题名:中国森林生态系统生态服务功能及其评价     索取号:S718.55/68         预约/预借

序号 登录号 条形码 馆藏地/架位号 状态 备注
1 0870605   208706051   第二样本阅览室/ [索取号:S718.55/68] 在馆    
2 0870606   208706060   第三借阅区/ [索取号:S718.55/68] 在馆    
3 0870607   208706079   密集书库-生命科学系/ [索取号:S718.55/68] 在馆    
4 0870608   208706088   第三借阅区/ [索取号:S718.55/68] 在馆    
欢迎您!
大连网信软件有限公司© 版权所有